000 00784nam a2200193Ii 4500
003 JO-AjNU
008 230605s9999||||xx |||||||||||||| ||und||
040 _aJO-AjNU
_bara
_erda
_cJO-AjNU
041 _aara
050 1 4 _aPJ7696.L3.Z5236
100 3 _aتأليف أحمد، أحمد محمد خير,
_eauthor
_935439
245 0 0 _aشرح معلقة لبيد بن ربيعة المقرر على طلاب لشهادة السودانية لعام81-1982
264 3 1 _aالخرطوم:مكتبة خليفة عطية،1900 ؛ بيروت:دار ومكتبة الهلال،1900
300 _a80ص
336 _atext
_btxt
_2rdacontent
337 _aunmediated
_bn
_2rdamedia
338 _avolume
_bnc
_2rdacarrier
650 4 _aالشعر العربي - عصر صدر الإسلام
_935440
999 _aA14632
_c18200
_d18200